First things first; an integrated course for beginners /

Guardado en:
Autor Principal: Alexander, L. G.
Formato: Libro
Publicado: London : Longman, 1969
Materias:
Etiquetas: Agregar Etiqueta
Sin Etiquetas, Sea el primero en etiquetar este registro!
LEADER 00494nam a22001695a 4500
001 CEM.cems000435
005 20070221161232.0
008 130507s1969##################000#0#####d
003 CEMS
082 0 4 |a 428.64 
100 1 |a Alexander, L. G. 
245 1 0 |a First things first; an integrated course for beginners /  |c L. G. Alexander 
260 |a London :  |b Longman,  |c 1969 
300 |a 292 p. 
500 |a Teacher's book 
653 |a Ingles 
859 |a CEMS  |b BIB. CEMS - 11 de abril  |h 428.64  |i Al27-3  |p 2828.74  |t Ej.1